World class readings 3 : A Reading skills test
World Class Readings is a theme-based series using engaging and up-to-date reading passages to help learners develop reading skills. For high intermediate learners, World Class Readings has broad range of activities involving skill building, reading comprehension, and vocabulary development
Enregistré dans:
| Auteur principal: | |
|---|---|
| Format: | Livre |
| Langue: | Undetermined |
| Publié: |
New York
McGraw- Hill
2004
|
| Sujets: | |
| Tags: |
Ajouter un tag
Pas de tags, Soyez le premier à ajouter un tag!
|
| Thư viện lưu trữ: | Trung tâm Học liệu Trường Đại học Cần Thơ |
|---|
| LEADER | 00932nam a2200241Ia 4500 | ||
|---|---|---|---|
| 001 | CTU_122072 | ||
| 008 | 210402s9999 xx 000 0 und d | ||
| 020 | |c 47800 | ||
| 082 | |a 428.6 | ||
| 082 | |b R724/B.3-CD.5 | ||
| 100 | |a Rogers, Bruce | ||
| 245 | 0 | |a World class readings 3 : | |
| 245 | 2 | |b A Reading skills test | |
| 245 | 0 | |c Bruce Rogers | |
| 260 | |a New York | ||
| 260 | |b McGraw- Hill | ||
| 260 | |c 2004 | ||
| 520 | |a World Class Readings is a theme-based series using engaging and up-to-date reading passages to help learners develop reading skills. For high intermediate learners, World Class Readings has broad range of activities involving skill building, reading comprehension, and vocabulary development | ||
| 650 | |a English language,Reading comprehension | ||
| 650 | |x Study and teaching,Study and teaching | ||
| 904 | |i M.Loan | ||
| 915 | |a 400 | ||
| 980 | |a Trung tâm Học liệu Trường Đại học Cần Thơ | ||